12 Stämme Israels - Statistiken

Allgemein
  • Dieses Quiz wurde 178 mal gespielt
  • Das Durchschnittsergebnis liegt bei 6 aus 12
Antworten auf der Karte
Die Antworten werden auf der Karte rot bzw. grün angezeigt, abhängig davon wie oft sie richtig erraten wurden.
 
Antwortstatistiken
Stamm % Korrekt
Juda
88%
Benjamin
72%
Josef
66%
Levi
53%
Ruben
53%
Dan
47%
Naftali
46%
Gad
41%
Sebulon
41%
Simeon
41%
Ascher
37%
Issachar
33%
Keine übereinstimmenden Quizze gefunden
Verteilung der Resultate
Anzahl Personen mit jedem Resultat
Perzentil nach korrekt beantworteten Fragen
Ihre Resultats-Entwicklung
Sie haben dieses Quiz noch nicht gespielt